Meilleurs buteurs du psg en ligue des champions - Statistiques

Statistiques générales
  • Ce quiz a été pris 397 fois
  • Le résultat moyen est 28 sur 45
Statistiques - réponses
Nationalité, Nombre de buts Carrière au PSG Joueur % Correct
France, 37 buts 2017 - ? Kylian Mbappé
100%
Uruguay, 30 buts 2013 - 2020 Edinson Cavani
99%
Brésil, 22 buts 2017 - 2023 Neymar Jr
99%
Suède, 20 buts 2012 - 2016 Zlatan Ibrahimovic
96%
Argentine, 9 buts 2021 - 2023 Lionel Messi
95%
Argentine, 14 buts 2015 - 2022 Angel Di maria
94%
Brésil, 9 buts 2013 - ? Marquinhos
90%
Italie, 3 buts 2012 - 2023 Marco Verratti
81%
Etats-Unis, 8 buts 1992 - 1995 George Weah
80%
Brésil, 3 buts 2012 - 2020 Thiago Silva
79%
Maroc, 1 but 2021 - ? Achraf Hakimi
78%
Corée du Sud, 1 but 2023 - ? Kang in Lee
76%
Argentine, 4 buts 2011 - 2018 Javier Pastore
71%
Argentine, 7 buts 2012 - 2016 Ezequiel Lavezzi
69%
France, 6 buts 2011 - 2017 Blaise Matuidi
67%
Allemagne, 1 but 2017 - 2023 Julian Draxler
67%
Slovaquie, 1 but 2023 - ? Milan Skriniar
66%
Belgique, 3 buts 2016 - 2020 Thomas Meunier
65%
France, 1 but 2014 - ? Presnel Kimpembe
63%
Argentine, 5 buts 2020 - 2023 Mauro Icardi
62%
France, 3 buts 2015 - ? Layvin Kurzawa
61%
Sénégal, 1 but 2019 - 2022 Idrissa Gueye
60%
Italie, 2 buts 2012 - 2018 Thiago Motta
60%
Brésil, 3 buts 2014 - 2016 David Luiz
59%
Italie, 3 buts 2020 - 2021 Moise Kean
58%
Espagne, 1 but 2022 - ? Carlos Soler
57%
Portugal, 1 but 2021 - ? Nuno Mendes
55%
France, 1 but 2023 - ? Randal Kolo Muani
55%
France, 1 but 2022 - ? Warren Zaïre-Emery
53%
Cameroun, 1 but 2018 - 2020 Eric-Maxim Choupo-Moting
51%
Brésil, 6 buts 1993 - 1998 Rai
51%
Espagne, 5 buts 2018 - 2023 (prêt) Juan Bernat
50%
Brésil, 3 buts 2013 - 2018 Lucas Moura
50%
Espagne, 2 buts 2019 - 2023 Pablo Sarabia
50%
Pays-Bas, 2 buts 2021 - 2023 Georginio Wijnaldum
49%
Côte d'Ivoire, 1 but 2015 - 2017 Serge Aurier
48%
France, 4 buts 2012 - 2019 Adrien Rabiot
47%
Brésil, 2 buts 2017 - 2019 Dani Alves
46%
Nigéria, 1 but 1998 - 2002 Jay Jay Okocha
46%
France, 1 but 2023 - ? Lucas Hernandez
42%
Brésil, 2 buts 2012 - 2014 Alex
35%
France, 1 but 1992 - 1995 David Ginola
30%
France, 5 buts 1996 - 1997 / 2000 - 2002 Nicolas Anelka
27%
France, 2 buts 2011 - 2014 Jeremy Menez
26%
Espagne, 1 but 2019 - 2023 Ander Hererra
19%
Aucun quiz correspondant
Distribution des résultats
% des personnes avec chaque résultat
Percentile par nombre de réponses
Votre historique - résultats
Vous n’avez pas pris ce quiz